|
|
|
|
| LEADER |
00000nas a2200000 4500 |
| 001 |
ssj0007956 |
| 003 |
WaSeSS |
| 005 |
20200512172242.0 |
| 006 |
m d |
| 007 |
cr n |
| 008 |
800104d19801989nyumr p s ho 0 a0eng c |
| 010 |
|
|
|a 80648764
|z sn 80000009
|
| 022 |
|
|
|l 0196-433X
|y 0196-433X
|
| 035 |
|
|
|a (WaSeSS)ssj0007956
|
| 037 |
|
|
|b Classical Music Publications Ltd., P.O. Box 924, Farmingdale, NY 11737
|
| 040 |
|
|
|a NSD
|b eng
|c NSD
|d DLC
|d NSD
|d DLC
|d NSD
|d NST
|d NSD
|d OCL
|d NST
|d AIP
|d NST
|d NSD
|d NST
|d IUL
|d NST
|d CLU
|d IUL
|d NST
|d GUA
|d SYS
|d OCLCQ
|d JED
|d OCLCQ
|d OCLCF
|d OCL
|d OCLCQ
|d WaSeSS
|
| 042 |
|
|
|a pcc
|a nsdp
|
| 050 |
0 |
0 |
|a ML1
|b .O96
|
| 082 |
0 |
4 |
|a 780/.5
|
| 210 |
0 |
|
|a Ovation
|b (N.Y.N.Y.)
|
| 222 |
|
0 |
|a Ovation
|b (New York, N.Y.)
|
| 245 |
0 |
0 |
|a Ovation
|h [electronic resource].
|
| 260 |
|
|
|a [New York, N.Y.],
|b [Ovation Magazine Associates, etc.]
|
| 310 |
|
|
|a Monthly
|
| 362 |
0 |
|
|a v. 1- Feb. 1980-
|
| 362 |
1 |
|
|a Ceased with v. 10, no. 8, Sept. 1989.
|
| 500 |
|
|
|a "The magazine for classical music listeners."
|
| 506 |
|
|
|a License restrictions may limit access.
|
| 515 |
|
|
|a Issued Mar.? 1980- in regional editions.
|
| 588 |
|
|
|a Latest issue consulted: Vol. 10, no. 8 (Sept. 1989).
|
| 650 |
|
0 |
|a Music
|v Periodicals.
|
| 650 |
|
7 |
|a Music
|2 fast
|0 (OCoLC)fst01030269
|
| 655 |
|
0 |
|a Electronic journals.
|
| 850 |
|
|
|a CLU
|a CLSU
|a CSt
|a CU
|a CU-S
|a CU-SB
|a CaBVa
|a CaOLU
|a CaSSU
|a CoFS
|a CoU
|a DGW
|a DLC
|a DeU
|a FU
|a GU
|a ICU
|a ICarbS
|a IU
|a IaU
|a InU
|a KU
|a MBMU
|a MNS
|a MdU
|a MiD
|a MiU
|a NCH
|a NIC
|a NN
|a NRU-Mus
|a NcU
|a NjR
|a OCU
|a OkU
|a PPD
|a PPi
|a PPiU
|a RPB
|a TxU
|a ViU
|a WM
|a Wa
|a WaU
|a WyU
|
| 853 |
3 |
3 |
|8 1
|a v.
|b no.
|u 12
|v r
|i (year)
|j (month)
|w m
|x 02
|
| 856 |
4 |
0 |
|z Full text available from Research Library: 01/01/1988 to 09/30/1989
|u https://search.proquest.com/publication/31229
|
| 863 |
4 |
0 |
|8 1
|a <7>
|b <11>-
|i <1986/1987>
|j <Dec.>-
|x provisional
|